Právna úprava obchodných záväzkových vzťahov
Vzťahy medzi subjektmi vykonávajúcimi podnikateľskú činnosť ponímané ako obchodné vzťahy a právne regulované. Obchodný záväzkový vzťah podľa Obchodného zákonníka. Občiansky zákonník a ďalšie predpisy súkromného práva. Komplexnosť právnej úpravy obchodnoprávnych vzťahov v Obchodnom zákonníku a apliká...
Salvato in:
| Autore principale: | |
|---|---|
| Natura: | Capitolo di libro |
| Lingua: | slovacco |
| Soggetti: | |
| Tags: |
Nessun Tag, puoi essere il primo ad aggiungerne!!
|
MARC
| LEADER | 00000naa$a2200000$$$4500 | ||
|---|---|---|---|
| 001 | 0115400 | ||
| 005 | 20231103072127.3 | ||
| 041 | 0 | |a slo | |
| 044 | |a SK | ||
| 245 | 1 | 0 | |a Právna úprava obchodných záväzkových vzťahov |c Zuzana Majcherová |
| 520 | |a Vzťahy medzi subjektmi vykonávajúcimi podnikateľskú činnosť ponímané ako obchodné vzťahy a právne regulované. Obchodný záväzkový vzťah podľa Obchodného zákonníka. Občiansky zákonník a ďalšie predpisy súkromného práva. Komplexnosť právnej úpravy obchodnoprávnych vzťahov v Obchodnom zákonníku a aplikácia právnej úpravy Občianskeho zákonníka. Niektoré všeobecné otázky neupravené Obchodným zákonníkom. Otázky a vzťahy upravené v Obchodnom zákonníku čiastočne. Aplikácia Obchodného zákonníka na občianskoprávne vzťahy. | ||
| 610 | 2 | 0 | |a právo obchodné |
| 610 | 2 | 0 | |a zákonník obchodný |
| 610 | 2 | 0 | |a zákonník občiansky |
| 610 | 2 | 0 | |a podnikatelia |
| 610 | 2 | 0 | |a podnikanie |
| 610 | 2 | 0 | |a regulácia |
| 610 | 2 | 0 | |a legislatíva |
| 100 | 1 | |a Majcherová, Zuzana | |